Can You Hear Kashmiri Women Speak? : Narratives of Resistance and Resilience / (Record no. 178159)

MARC details
000 -LEADER
fixed length control field 00642nam a22001817a 4500
005 - DATE AND TIME OF LATEST TRANSACTION
control field 20211108105746.0
010 ## - LCCN (DPL NO)
LC control number EN230921 ENG-129251
020 ## - INTERNATIONAL STANDARD BOOK NUMBER
International Standard Book Number 9789385606304
Terms of availability 795.00
035 ## - SYSTEM CONTROL NUMBER
System control number EN-112783
037 ## - SOURCE OF ACQUISITION
Source of stock number/acquisition DBAD/PUB
082 ## - DEWEY DECIMAL CLASSIFICATION NUMBER
Classification number 305.4095411
245 ## - TITLE STATEMENT
Title Can You Hear Kashmiri Women Speak? : Narratives of Resistance and Resilience /
Statement of responsibility, etc edited by Nitasha Kaul and Ather Zia
260 ## - PUBLICATION, DISTRIBUTION, ETC. (IMPRINT)
Name of publisher, distributor, etc Women Unlimited
Place of publication, distribution, etc New Delhi
Date of publication, distribution, etc 2020
270 ## - ADDRESS
Address 7/10, First Floor, Sarvapriya Vihar
City New Delhi
Postal code 110016
300 ## - PHYSICAL DESCRIPTION
Extent xviii, 234p.
Dimensions 22cm(Hb)
700 ## - ADDED ENTRY--PERSONAL NAME
Personal name Kaul, Nitasha ed.
942 ## - ADDED ENTRY ELEMENTS (KOHA)
Source of classification or shelving scheme Dewey Decimal Classification
Item type English Books
Classification part 305.4095411
Call number suffix ZIA
Holdings
Withdrawn status Lost status Not for loan Collection code Home library Current library Date acquired Source of acquisition Cost, normal purchase price Full call number Barcode Copy number Cost, replacement price Koha item type
      Non-fiction Ashok Vihar Ashok Vihar 18/03/2021 DBAD/PUB 795.00 305.4095411 ZIA EN-112783 1 795.00 English Books

© Delhi Public Library
Hit Counter
free hit counter